Fr. Conceicao Rodrigues College of Engineering

Maharashtra Conduct Rules (Record no. 32448)

MARC details
000 -LEADER
fixed length control field 00298nam a2200133Ia 4500
100 ## - MAIN ENTRY--PERSONAL NAME
Personal name Deopujari/U P
245 ## - TITLE STATEMENT
Title Maharashtra Conduct Rules
260 ## - PUBLICATION, DISTRIBUTION, ETC.
Name of publisher, distributor, etc. Nagpur Law House
Place of publication, distribution, etc. Nagpur
300 ## - PHYSICAL DESCRIPTION
Extent 175
546 ## - LANGUAGE NOTE
Language note ENGLISH
650 ## - SUBJECT ADDED ENTRY--TOPICAL TERM
Topical term or geographic name entry element General
654 ## - SUBJECT ADDED ENTRY--FACETED TOPICAL TERMS
Focus term Maharashtra Conduct Rules
942 ## - ADDED ENTRY ELEMENTS (KOHA)
Koha item type BOOK
Holdings
Withdrawn status Lost status Damaged status Not for loan Collection Home library Current library Date acquired Source of acquisition Cost, normal purchase price Inventory number Total Checkouts Full call number Barcode Date last seen Cost, replacement price Price effective from Koha item type
        AFT Fr. Agnel's C.Rodrigues College of Engineering Fr. Agnel's C.Rodrigues College of Engineering 17/03/2023 SUNDERDAS GIANCHAND. 40.00 3807/24/08/2004   AFT7826 17/03/2023 40.00   BOOK